| 000 | 01842nam a2200205Ia 4500 | ||
|---|---|---|---|
| 003 | Ost | ||
| 005 | 20260507074944.0 | ||
| 008 | 260507s9999||||xx |||||||||||||| ||und|| | ||
| 020 | _a9960246469 | ||
| 040 | _cfsecg | ||
| 041 | _aara | ||
| 082 | _a381.142 | ||
| 100 |
_aشنايدر، جاري _eمؤلف |
||
| 245 | 0 |
_aالتجارة الالكترونية / _c جاري شنايدر |
|
| 260 |
_aالرياض: _bدار المريخ للنشر, _c2008 |
||
| 300 |
_a724 صفحة؛ _c30 سم |
||
| 520 | _aيحتوي الكتاب على المحاور التالية:الجزء الأول :مقدمة للتجارة الالكترونية ، البنية التحتية للتقنية الانترنيت والشبكة العنكبوتية الجزء الثاني : إستراتيجيات الأعمال للتجارة الإلكترونية البيع عبر الويب ، التسويق عبر الويب ، استراتجيات من الأعمال إلى الأعمال من تبادل البيانات الكترونيا إلى التجارة الالكترونية ، المزادات العلنية في الخط المفتوح والمجتمعات الا الافتراضية ، وبوابات الويب ، التجارة الالكترونية - المور القانونيى والاأخلاقية والضريبية الجزء الثالث : تقنيات التجارة الإلكترونية، نظم مكونات خادم الويب ونظم برامجه نظم برامج التجارة الالكترونية ، أمن التجارة الالكترونية ، نظام الدفع للتجارة الالكترونية الجزء الرابع : التكامل : التخطيط للتجارة الإلكترونية ، معجم المصطلحات | ||
| 653 | _aتجارة الكترونية | ||
| 942 | _cكتاب | ||
| 999 |
_c41955 _d41955 |
||